Knowledge-based systems for industrial control / (Record no. 143826)

MARC details
000 -LEADER
fixed length control field 01079cam a2200313 a 4500
008 - FIXED-LENGTH DATA ELEMENTS--GENERAL INFORMATION
fixed length control field
020 ## - INTERNATIONAL STANDARD BOOK NUMBER
International Standard Book Number 0863412211 (hbk.)
049 ## - LOCAL HOLDINGS (OCLC)
Holding library MAIN
090 ## - LOCALLY ASSIGNED LC-TYPE CALL NUMBER (OCLC); LOCAL CALL NUMBER (RLIN)
Classification number (OCLC) (R) ; Classification number, CALL (RLIN) (NR) TJ213
Local cutter number (OCLC) ; Book number/undivided call number, CALL (RLIN) KNO
003 - CONTROL NUMBER IDENTIFIER
control field
005 - DATE AND TIME OF LATEST TRANSACTION
control field 20230123133149.0
040 ## - CATALOGING SOURCE
Transcribing agency NUST
245 00 - TITLE STATEMENT
Title Knowledge-based systems for industrial control /
Statement of responsibility, etc. edited by J. McGhee, M.J. Grimble & P. Mowforth.
260 ## - PUBLICATION, DISTRIBUTION, ETC.
Place of publication, distribution, etc. London :
Name of publisher, distributor, etc. P. Peregrinus Ltd. on behalf of the Institution of Electrical Engineers,
Date of publication, distribution, etc. c1990.
300 ## - PHYSICAL DESCRIPTION
Extent vi, 345 p. :
Other physical details ill. ;
Dimensions 24 cm.
440 #0 - SERIES STATEMENT/ADDED ENTRY--TITLE
Title IEE control engineering series ;
Volume/sequential designation v. 44.
504 ## - BIBLIOGRAPHY, ETC. NOTE
Bibliography, etc. note Includes bibliographical references.
500 ## - GENERAL NOTE
General note Includes index.
650 #0 - SUBJECT ADDED ENTRY--TOPICAL TERM
Topical term or geographic name entry element Automatic control.
650 #0 - SUBJECT ADDED ENTRY--TOPICAL TERM
Topical term or geographic name entry element Process control.
650 #0 - SUBJECT ADDED ENTRY--TOPICAL TERM
Topical term or geographic name entry element Expert systems (Computer science)
653 ## - INDEX TERM--UNCONTROLLED
Uncontrolled term Engineering
-- Design
-- Applications of expert systems
700 1# - ADDED ENTRY--PERSONAL NAME
Personal name McGhee, J.
700 1# - ADDED ENTRY--PERSONAL NAME
Personal name Grimble, Michael J.
700 1# - ADDED ENTRY--PERSONAL NAME
Personal name Mowforth, P.
710 2# - ADDED ENTRY--CORPORATE NAME
Corporate name or jurisdiction name as entry element Institution of Electrical Engineers.
907 ## - LOCAL DATA ELEMENT G, LDG (RLIN)
a .b10030426
b 23-09-13
c 17-04-03
942 ## - ADDED ENTRY ELEMENTS (KOHA)
Koha item type Ordinary Loan Books
Call number prefix TJ213
Call number suffix KNO
Holdings
Date last seen Total Checkouts Full call number Barcode Cost, replacement price Price effective from Koha item type Lost status Source of classification or shelving scheme Damaged status Not for loan Collection Withdrawn status Home library Current library Shelving location Date acquired Cost, normal purchase price
01/23/2023 1 TJ213 KNO 92003016158 80.00 01/23/2023 BOOKS   LCC     NFIC   MAIN MAIN GEN 01/23/2023 80.00